| 000 | 01145nam a22002537a 4500 | ||
|---|---|---|---|
| 003 | OSt | ||
| 005 | 20250927155612.0 | ||
| 008 | 240315b ||||| |||| 00| 0 eng d | ||
| 040 | _c0 | ||
| 082 | _aDPer 621.381 In821 August 2022 v. 37 n. 8 | ||
| 100 |
_aZhou, Jianqiao. _eauthor. _954862 |
||
| 245 |
_aOperation and control of bipolar-type modular solid state transformer with active circulating current injection and arm voltage adjusting method / _cJianqiao Zhou, Jianwen Zhang, Jiacheng Wang, Gang Shi, Jiajie Zang, Xin Feng, and Xu Cai. |
||
| 260 |
_aNew York ; _bThe Institute of Electrical and Electronics Engineers, Inc. , _cAugust 2022. |
||
| 300 |
_aVolume 37, pages 9663-9673 : _billustration ; _c28 cm. |
||
| 500 | _aIEEE Transitions on Power Electronics, v. 37 n. 8, pages 9663-9673, August 2022. | ||
| 700 |
_aZhou, Jianqiao. _eauthor. _954862 |
||
| 700 |
_aZhang, Jianwen. _eauthor. _954863 |
||
| 700 |
_aWang, Jiacheng. _eauthor. _954864 |
||
| 700 |
_aShi, Gang. _eauthor. _954865 |
||
| 700 |
_aZang, Jiajie. _eauthor. _954866 |
||
| 700 |
_aFeng, Xin. _eauthor. _954867 |
||
| 700 |
_aCai, Xu. _eauthor. _954868 |
||
| 942 |
_2ddc _cPER |
||
| 999 |
_c19724 _d19724 |
||